Quiz sur David Beckham - Statistiques

Statistiques générales
  • Ce quiz a été pris 141 fois
  • Le résultat moyen est 12 sur 15
Statistiques - réponses
Hint Réponse % Correct
L'année de sa naissance 1975
100%
Le nom de sa femme Victoria Beckham
98%
Son poste d'origine Milieu droit
97%
Son surnom Spice boy
95%
Joueur argentin taclé qui lui a coûté un carton rouge en 1998 Diego Simeone
92%
Combien de Ligue des Champions a-t-il remporté ? 1
91%
L'année de son but du milieu de terrain 1996
91%
Son premier club Manchester United
79%
Equipe contre laquelle il a joué son 100e match avec l'Angleterre en 2008 France
76%
Le nom de l'équipe de rêve avec laquelle il joué Les Galactiques
68%
De quel club est-il actuellement propriétaire Inter Miami
65%
Son deuxième club Real Madrid
65%
Son dernier Paris SG
61%
Son quatrième club en prêt AC Milan
56%
Son troisième club Los Angeles Galaxy
32%
Aucun quiz correspondant
Distribution des résultats
% des personnes avec chaque résultat
Percentile par nombre de réponses
Votre historique - résultats
Vous n’avez pas pris ce quiz